000 00617nam a2200205 u 4500
005 20240228064256.0
008 170127s2007 r 000 0 eng d
020 _a1404266062
035 _aUPN01000215631
049 _aI
050 4 _aPZ7
_bB7.5
100 1 _aBraidich, Victoria
_940290
245 1 0 _aLunes con Meg /
_cVictoria Braidich ; tr. José María Obregón.
260 _aNew York :
_bRosen Classroom Books & Materials,
_c2007.
300 _a12 p. :
_bil. col.
440 0 _aLecturas del barrio.
_pNarrativa
650 4 _aLibros y lectura para niños
_92290
905 _aInfantil
999 _c187731
_d187731